000 00474nam a22001217a 4500
999 _c9788
_d9788
003 OSt
008 201203b ||||| |||| 00| 0 eng d
245 _aThe ICFAI University Journal of Organizational Behaviour
250 _a2017(Jan Vol.16 No.1, Apr Vol.16 No.2, Jul Vol.16 No.3, Oct Vol.16 No.4) 2018(Jan Vol.17 No.1, Apr Vol.17 No.2, Jul Vol.17 No.3, Oct Vol.17 No.4)
260 _aHyderabad, Andhra Pradesh
_bICFAI University Press
650 _aManagement
942 _2ddc
_cBV